|
|
|
|
| LEADER |
00971nam a2200253 4500 |
| 001 |
c000318179 |
| 003 |
CARM |
| 005 |
00000000000000.0 |
| 008 |
730507s1969 sa 00000 eng |
| 015 |
|
|
|a SANL
|
| 019 |
1 |
|
|a 544352
|5 LACONCORD2021
|
| 035 |
|
|
|a (OCoLC)641094
|5 LACONCORD2021
|
| 043 |
|
|
|a f-sx---
|a f-sa---
|
| 050 |
0 |
0 |
|a JX1586.S64
|b A42
|
| 110 |
1 |
0 |
|a South Africa.
|b Dept. of Foreign Affairs.
|
| 245 |
0 |
0 |
|a South West Africa: South Africa's reply to the Secretary-General of the United Nations (Security Council Resolution 269 of 1969).
|
| 260 |
|
|
|a [Pretoria,
|b the Department,
|c 1969]
|
| 300 |
|
|
|a [iv], 115 p.
|c 30 cm.
|
| 610 |
2 |
0 |
|a United Nations
|z Namibia.
|
| 650 |
|
0 |
|a Mandates
|z Namibia.
|
| 852 |
8 |
|
|b CARM
|h A1:AN02D0
|i F02518
|p 0407153
|f BK
|
| 082 |
0 |
4 |
|a 341.2/7/09688
|
| 999 |
f |
f |
|i a4d668a2-cb6a-5788-88a4-2a3a633314e6
|s bacd536f-2de0-552d-a427-c54b56186907
|
| 952 |
f |
f |
|p Can circulate
|a CAVAL
|b CAVAL
|c CAVAL
|d CARM 1 Store
|e F02518
|f A1:AN02D0
|h Other scheme
|i book
|m 0407153
|